000 003780000a22001570004500
005 20120302064316.0
942 _cBOOK
100 _a Bhatkhande,Shriram Mahadev
245 _a Gayatri mantra upasana(Samarthya ani prachiti)
250 _a 1st
260 _aMumbai:Manorama prakashan,2006.
300 _a168p.
040 _aMar
365 _b75/-
650 _aGayatri Mantra
999 _c361828
_d361825